|
|
|
|
| LEADER |
00000nam#a22000001ab4500 |
| 001 |
00017711 |
| 003 |
AR-BaUAD |
| 005 |
20230908140820.0 |
| 008 |
940705s1978####ag#aeo|##||||||||#||spa|d |
| 020 |
|
|
|a No posee
|
| 040 |
|
|
|a AR-BaUAD
|b spa
|c AR-BaUAD
|
| 041 |
|
|
|a spa
|
| 044 |
|
|
|c ar
|2 ISO3166-1
|
| 100 |
1 |
|
|a Sardi, Guillermo
|
| 245 |
1 |
0 |
|a Entrepisos sin vigas, pretensados, plegados, edificios en altura
|
| 260 |
|
|
|a Buenos Aires :
|b Universidad de Buenos Aires, Facultad de Arquitectura y Urbanismo. Departamento de Técnicas Constructivas,
|c 1978
|
| 300 |
|
|
|a 87 p. :
|b il., detalles constructivos, fot., planos
|
| 490 |
|
|
|a Textos de Cátedra
|
| 500 |
|
|
|a Cátedra estructuras.
|
| 653 |
|
|
|a ESTRUCTURAS
|
| 653 |
|
|
|a ENTREPISOS
|
| 655 |
|
|
|a TEXTO
|
| 852 |
|
|
|c 47-4
|
| 952 |
|
|
|0 0
|1 0
|4 0
|6 474
|7 0
|9 15864
|a AR-BaUAD
|b AR-BaUAD
|d 0000-00-00
|e donac. ABAU
|i 17711
|l 0
|o 47-4
|p 95aim17711
|r 2023-09-08 14:08:20
|w 2023-09-08
|y BK
|
| 952 |
|
|
|0 0
|1 0
|4 0
|7 0
|9 15865
|a AR-BaUAD
|b AR-BaUAD
|d 0000-00-00
|e donac. G. de Mantero
|g 4.00
|i 17711
|l 0
|p qlfk817711
|r 2023-09-08 14:08:20
|w 2023-09-08
|y BK
|
| 990 |
|
|
|a Ej. No1 : 17711 . 27/11/1984 -- donac. ABAU -- (a40 pesos). (a40 australes).
|b ADM
|
| 990 |
|
|
|a Ej. No2 : 17711 . 22/08/2001 -- donac. G. de Mantero -- (4 pesos).
|b ADM
|
| 990 |
|
|
|a CO197
|b TD
|
| 990 |
|
|
|a AAQ00017711
|b CC
|
| 998 |
|
|
|a AAQ
|b Bibun 76
|
| 942 |
|
|
|c BK
|
| 999 |
|
|
|c 6771
|d 6771
|